000 01195nmc a2200433 a 4500
003 AR-BaBNM
005 20251128210356.0
008 020020s1996 ||||||||||||||000 | spa||
020 _a950-02-8456-1
040 _cAR-BaBNM
245 1 0 _aNarradores
_blos reportajes de "The Paris Review"
_n1
250 _a1ª ed.
260 _aBuenos Aires
_bEl Ateneo
_c1996
300 _aix, 175 p.
_bil.
490 0 _aGrandes reportajes. Confesiones de escritores
_vv. 2
600 1 4 _aCéline, Louis-Ferdinand
600 1 4 _aCocteau, Jean
600 1 4 _aFaulkner, William
600 1 4 _aForster, E.M.
600 1 4 _aGreen, Graham
600 1 4 _aHemingway, Ernest
600 1 4 _aNabokov, Vladimir
600 1 4 _aSimenon, Georges
600 1 4 _aBashevis Singer, Isaac
600 1 4 _aYourcenar, Marguerite
610 2 4 _aThe Paris Review
650 4 _aANTOLOGIAS
650 4 _aENTREVISTAS
650 4 _aESCRITORES
650 4 _aLITERATURA CONTEMPORANEA
650 4 _aCRITICA LITERARIA
650 4 _aVIDA LITERARIA
653 _aPOETICA
655 _aLITERATURA
700 1 _aChitarroni, Luis
_eprologuista
800 1 _aRusso, Edgardo
_edirector
942 _cBK
998 _cMaRTIN
999 _c15209
_d15209